000 00483nam a22001697a 4500
005 20251108164036.0
008 250721s1984 xx 000 0 ara d
082 1 4 _a811.9565/ملا
100 1 _aالملاح، نديم
245 1 0 _aديوان الشيخ نديم الملاح /
264 1 _aعمان :
_bدائرة الثقافة و الفنون،
_c1984.
300 _a130ص
650 1 7 _aالشعر العربي
650 1 7 _aلبنان
942 _2ddc
_cBK
999 _c2130
_d2130